Original Locations and Nicknames of Current NBA Teams - Statistics

General Stats
  • This quiz has been taken 2,216 times
    2,214 since last reset
  • The average score is 10 of 30
Answer Stats
Team City % Correct
Oklahoma City Thunder Seattle
76%
Oklahoma City Thunder SuperSonics
72%
Brooklyn Nets New Jersey
64%
Golden State Warriors Warriors
58%
Golden State Warriors Philadelphia
56%
Memphis Grizzlies Vancouver
56%
New Orleans Pelicans Hornets
54%
Utah Jazz New Orleans
54%
New Orleans Pelicans Charlotte
50%
Memphis Grizzlies Grizzlies
50%
Sacramento Kings Royals
49%
Utah Jazz Jazz
46%
Houston Rockets San Diego
35%
Atlanta Hawks Buffalo
33%
Los Angeles Clippers Buffalo
33%
Houston Rockets Rockets
30%
Detroit Pistons Fort Wayne
27%
Philadelphia 76ers Nationals
27%
Los Angeles Clippers Braves
26%
Sacramento Kings Rochester
26%
Philadelphia 76ers Syracuse
22%
San Antonio Spurs Dallas
15%
Los Angeles Lakers Detroit
15%
Washington Wizards Chicago
13%
Atlanta Hawks Bisons
6%
Brooklyn Nets Americans
5%
San Antonio Spurs Chaparrals
5%
Los Angeles Lakers Gems
5%
Washington Wizards Packers
4%
Detroit Pistons Zollner Pistons
3%
No matching quizzes found
Score Distribution
Percent of People with Each Score
Percentile by Number Answered
Your Score History
You have not taken this quiz since the last reset